00643nam a2200133Ia 4500008004100000100004000041245011800081245016200199260005300361260000900414300001000423650001500433856006100448170221s9999 xx 000 0 und d aKhasan Alimsultanovich Taimaskhanov aSubstantiation of Strategic Points for Efficient Functioning of Production Infrastructure of the Southern Region  cKhasan Alimsultanovich Taimaskhanov, Maula Abdurahkmanovich Betilgiriev, Lolita Musaevna Idigova, Magomed Shavalovich Mintsaev, Dena Karim-Sultanovich Bataev bInternational Review of Management and Marketing c2016 a6 : 4 xMarketing. uhttp://www.econjournals.com/index.php/irmm/issue/view/88